| 000 | 00725nam a2200217 u 4500 | ||
|---|---|---|---|
| 001 | 000025219 | ||
| 005 | 20200930023634.0 | ||
| 008 | 110211s1986 mx r 001 0 spa d | ||
| 040 |
_aDO-SdBNP _bspa _cBNPHU |
||
| 041 | 1 | 7 |
_aspa _heng _2Código de idiomas MARC |
| 082 |
_ann* _bnn* |
||
| 100 | 1 |
_aBud, Louis J. _951692 |
|
| 240 | 1 | 0 |
_aOur Mark Twain. _lEspañol |
| 245 | 1 | 0 |
_aNuestro Mark Twain : _bla creación de su personalidad pública / _cLouis J. Budd ; traducción de Elisa Moreno. |
| 260 |
_aMéxico, D. F. : _bNoema, _c1986. |
||
| 300 |
_a366 p : _bil. ; _c21 cm. |
||
| 534 |
_aTítulo de la obra en inglés : _tOur Mark Twain |
||
| 500 | _aIncluye índice. | ||
| 700 | 1 |
_aMoreno, Elisa, _etr. _951693 |
|
| 049 | _aBNGR | ||
| 999 |
_c24712 _d24712 |
||